000 00843cam a2200241 4500
001 WB3711-08
008 000000n2001 000 0 eng u
035 _a(Sirsi) u111447
245 _aIR35 judicial review
260 _c2001
490 _aFinancial Times
_v 13 March 2001, 3
490 _aFinancial Times
_v 15 March 2001, 5(2)
520 _aA judicial review has found that the new IR35 tax rules are unlawful but this could be restricted to IT professionals only, dispite the effect on other professional contractors also affected by the rules for self-employed contractors.
590 _aWB
650 _aIR35
650 _aJUDICIAL REVIEW
650 _aSELF-EMPLOYED
650 _aTAXATION
650 _aCONTRACTORS
650 _aPROFESSIONAL CONTRACTORS GROUP
690 _aMANAGEMENT-BUSINESS MANAGEMENT
942 _n0
999 _c66404
_d66404